000
00292pam a2200133 a 4500
020
_c
041
_h
100
_a
G. Fahr, Becker.
245
_a
Art Nouveav
_b
Art Nouveav
_h
Textual Documents
250
_a
1997.
260
_a
[s.l]:
_b
Konemann.
300
_a
425:
_b
Hard.
930
_a
1438
999
_c
235228
_d
235228